| 000 | 00881nam a22002057a 4500 | ||
|---|---|---|---|
| 003 | 0 | ||
| 005 | 20250214161352.0 | ||
| 008 | 250214b xxu||||| |||| 00| 0 eng d | ||
| 050 |
_aLB 1051 _b.L38 2024 |
||
| 100 | _aLaureta, Trania Jehnl Leigh G. | ||
| 245 |
_aStudents-instructor academic relationship and academic maturity of higher education institution(HEI) students _cTrania Jehnl Leight G. Laureta |
||
| 260 |
_aLas Pinas City _bSouthville International School and Colleges _c2024 |
||
| 300 |
_aviii, 237 pages; _c28cm. |
||
| 500 | _aBachelor of Science in Psychology | ||
| 504 | _aIncludes bibliographical references and appendices. | ||
| 650 | _aTeacher-student relationships—Higher Education Institutions. | ||
| 650 | _aAcademic maturity—College students’ development. | ||
| 650 | _aEducational psychology—Academic growth and maturity. | ||
| 942 |
_2lcc _cTH |
||
| 999 |
_c367226 _d367226 |
||